山手線で2つ以上の駅に含まれている文字 - Statistics

General Stats
  • This quiz has been taken 543 times
  • The average score is 12 of 16
Answer Stats
文字 駅名 % Correct
神田・田端・高田馬場五反田・田町・長田・新長田
96%
新大久保・新宿・新橋・新神戸
95%
御徒町・田町・浜松町・有楽町
91%
大塚・新大久保・大崎・大倉山
91%
日暮里・西日暮里
84%
目白・目黒
82%
鶯谷・渋谷
81%
秋葉原・原宿
79%
日暮里・西日暮里
78%
日暮里・西日暮里
77%
高田馬場・高輪ゲートウェイ
76%
宿 新宿・原宿
76%
品川・湊川公園
74%
上野・上沢
68%
神田・新神戸
59%
長田・新長田
35%
No matching quizzes found
Score Distribution
Percent of People with Each Score
Percentile by Number Answered
Your Score History
You have not taken this quiz